| 000 | 00557nam a22002177a 4500 | ||
|---|---|---|---|
| 003 | Ost | ||
| 005 | 20220714155504.0 | ||
| 008 | 220714b |||||||| |||| 00| 0 eng d | ||
| 020 | _a0273401866 | ||
| 040 | _cBT-PhCST | ||
| 050 | _a472 | ||
| 082 |
_222 _a621.3132 _bCLA |
||
| 100 | _aClayton, Albert. E. | ||
| 245 | _aPerformance and design of DC machines / | ||
| 250 | _a3rd ed. | ||
| 260 |
_aLondon : _bPitman Publishing, _c1959. |
||
| 300 |
_axx, 516 p. : _bill. ; _c21 cm. |
||
| 500 | _aIncludes index. | ||
| 700 | _aHancock, N. N. | ||
| 942 |
_2ddc _cEE |
||
| 999 |
_c8708 _d8708 |
||